=LDR 00000nam 2200000 4500 =001 NUTBA000000000001459 =005 20140428141834.0 =006 =007 =008 =020 ##$$a 978-602-8200-08-0 =035 ##$$a 0010-041400000000729 =040 ##$$a NBPDMAT =082 ##$$a 616.97 =090 ##$$a 616.97$bAni b =100 ##$$a Anik Maryunani =245 ##$$a Buku saku pencehagan penularan HIV dari ibu ke bayi$bpenatalaksanaan di pelayanan kebidanan$cAnik Maryunani =260 ##$$a Jakarta $bTrans Info media $c 2009. =300 ##$$a 173 hlm.$bilus.$c21 cm. =650 ##$$a HIV$xpencegahan =850 ##$$a NBPNMAT =990 ##$$a 51300046 =990 ##$$a 21195362/BPAP-NTB/2014